000 00322nam a2200121Ia 4500
008 240731s9999 xx 000 0 und d
022 _a1467-8306
245 0 _aAnnals of the Association of American Geographers
260 _bRoutledge
856 _uhttps://www.tandfonline.com/loi/raag20
942 _2ddc
942 _cTFEJ
999 _c75335
_d75335
945 _a1
_bMadushi Gamage
_c1
_dMadushi Gamage